000
00213nam a22000857a 4500
008
161210b xxu||||| |||| 00| 0 eng d
100
_9
1984
_a
Gupta.P.K.
245
_a
Amazing Biology Quiz
260
_a
New Delhi
_b
PPC
_c
2009
999
_c
4794
_d
4794